| 000 | 00851nam a22002177a 4500 | ||
|---|---|---|---|
| 999 |
_c16733 _d16733 |
||
| 003 | AR-CdUCM | ||
| 008 | 190325b ||||| |||| 00| 0 spa d | ||
| 040 |
_aMUNICIPALIDAD PROVINCIAL DEL CUSCO _cBIBLIOTECA MUNICIPAL DEL CUSCO |
||
| 082 |
_a338.19 / _bM27 |
||
| 100 |
_aMason, Edwar _923836 |
||
| 245 | _aAyuda económica y política internacional / | ||
| 260 |
_aBuenos Aires : _bPlaza y janes, _c1964. |
||
| 300 |
_a98 páginas ; _c19 cm. |
||
| 505 | _aContenido : La ayuda como instrumento de política exterior -- Ayuda exterior: En busca de una explicación racional -- El problema del reparto equitativo de la carga de la ayuda exterior ... | ||
| 650 |
_aEconomía _9382 |
||
| 650 |
_aPolítica _9291 |
||
| 650 |
_aInternacional _94041 |
||
| 700 |
_aSanchez Atanasio (Traductor) _91172 |
||
| 942 |
_2ddc _cLIBROS |
||
| 945 |
_arah _d04/05/2019 |
||